<?xml version="1.0" encoding="UTF-8"?>
<record
    xmlns:xsi="http://www.w3.org/2001/XMLSchema-instance"
    xsi:schemaLocation="http://www.loc.gov/MARC21/slim http://www.loc.gov/standards/marcxml/schema/MARC21slim.xsd"
    xmlns="http://www.loc.gov/MARC21/slim">

  <leader>01133nam a22002657a 4500</leader>
  <controlfield tag="003">3228</controlfield>
  <controlfield tag="005">20250131133948.0</controlfield>
  <controlfield tag="008">250131b        sa ||||| |||| 00| 0 eng d</controlfield>
  <datafield tag="020" ind1=" " ind2=" ">
    <subfield code="a">0868840149</subfield>
    <subfield code="q">Hardcover</subfield>
  </datafield>
  <datafield tag="040" ind1=" " ind2=" ">
    <subfield code="a">RDA</subfield>
    <subfield code="b">ENGLISH</subfield>
    <subfield code="c">3228</subfield>
  </datafield>
  <datafield tag="082" ind1=" " ind2=" ">
    <subfield code="a">333.09687 CAM</subfield>
  </datafield>
  <datafield tag="100" ind1=" " ind2=" ">
    <subfield code="a">Campion, Harvey</subfield>
    <subfield code="9">191568</subfield>
  </datafield>
  <datafield tag="245" ind1=" " ind2=" ">
    <subfield code="a">The new Transkei</subfield>
    <subfield code="c"> Harvey Campion.</subfield>
  </datafield>
  <datafield tag="260" ind1=" " ind2=" ">
    <subfield code="a">Sandton [South Africa] :</subfield>
    <subfield code="b">Valiant, </subfield>
    <subfield code="c">1976.</subfield>
  </datafield>
  <datafield tag="300" ind1=" " ind2=" ">
    <subfield code="a">The new Transkei</subfield>
    <subfield code="b">colour illustrations, maps</subfield>
    <subfield code="c">25 cm</subfield>
  </datafield>
  <datafield tag="504" ind1=" " ind2=" ">
    <subfield code="a">Not included</subfield>
  </datafield>
  <datafield tag="520" ind1=" " ind2=" ">
    <subfield code="a">Summary: General study of the Transkei African homeland (territory) in South Africa R - includes brief biographies of African politicians, and covers economic development, development potential, etc. Illustrations.</subfield>
  </datafield>
  <datafield tag="521" ind1=" " ind2=" ">
    <subfield code="a">Adult</subfield>
  </datafield>
  <datafield tag="651" ind1=" " ind2=" ">
    <subfield code="a">Souith Africa</subfield>
    <subfield code="9">191569</subfield>
  </datafield>
  <datafield tag="654" ind1=" " ind2=" ">
    <subfield code="2">South Africa&#x2014;Transkei</subfield>
  </datafield>
  <datafield tag="655" ind1=" " ind2=" ">
    <subfield code="a">general study.  biography.  illustration.  &#xE9;tude g&#xE9;n&#xE9;rale.  biographie.  estudio general.  biograf&#xED;a.  ilustraci&#xF3;n.</subfield>
    <subfield code="9">191570</subfield>
  </datafield>
  <datafield tag="690" ind1=" " ind2=" ">
    <subfield code="2">61135828 A</subfield>
  </datafield>
  <datafield tag="700" ind1=" " ind2=" ">
    <subfield code="a">Mr Bruce Stephenson of Sapa (South African Press Association)...[ et al].</subfield>
    <subfield code="9">191571</subfield>
  </datafield>
  <datafield tag="942" ind1=" " ind2=" ">
    <subfield code="2">ddc</subfield>
    <subfield code="c">BOOK</subfield>
    <subfield code="w">12663</subfield>
    <subfield code="x">Priscilla Nozizwe Mogale</subfield>
    <subfield code="y">12663</subfield>
    <subfield code="z">Priscilla Nozizwe Mogale</subfield>
  </datafield>
  <datafield tag="999" ind1=" " ind2=" ">
    <subfield code="c">771904</subfield>
    <subfield code="d">771903</subfield>
  </datafield>
</record>
